| 000 | | | 03746nmc2a22002531x 450 |
| 001 | | | f0c69153-1983-4039-a6cf-aa5f471d6049 |
| 005 | | | 20131030125511.0 |
| 100 | ## | $a | 20130605l18991900k y0rusy50 ca |
| 101 | 0# | $a | rus |
| 102 | ## | $a | RU |
| 105 | ## | $a | a z ||||| |
| 200 | 1# | $a | Сравнительное изложение, справка и журналы Особого совещания и комиссии по делам дворянского сословия о пересмотре законоположений о дворянских учреждениях |
| | $j | 1899-1900 |
| 215 | ## | $a | 211 листов |
| | $c | табл. |
| 251 | ## | $c | Дело |
| 300 | ## | $a | Напечатано типографским способом |
| 324 | ## | $a | Дублеты |
| 330 | ## | $a | X. Материалы по делам дворянского землевладения и дворянского сословия в целом /1898-1917 гг./ |
| 461 | #0 | $1 | 001b6db1e6b-efcc-4108-961b-a8f75be6354f |
| | $1 | 2001 |
| | $a | Постоянный совет объединенных дворянских обществ |
| | $1 | 251 |
| | $c | Фонд |
| | $1 | 852 |
| | $j | 434 |
| 462 | #0 | $1 | 001376737bd-14a2-4097-a3d5-a02b2aa0e2d3 |
| | $1 | 2001 |
| | $a | Постоянный совет объединенных дворянских обществ. 1906-1917 гг. |
| | $1 | 251 |
| | $c | Опись |
| | $1 | 852 |
| | $j | 1 |
| 601 | 02 | $3 | RU\NLR\AUTH\8810165427 |
| | $a | Постоянный совет объединенных дворянских обществ |
| | $c | Петербург |
| 601 | 02 | $a | Совет объединенных дворянских обществ (Петербург). Комиссия по делам дворянского сословия о пересмотре законоположений о дворянских учреждениях |
| 801 | #0 | $a | RU |
| | $b | GA_RF |
| 801 | #1 | $a | RU |
| | $b | НПО Опыт |
| | $c | 20130605 |
| | $2 | rusmarc |
| 801 | #2 | $a | RU |
| | $b | ПБ им. Б.Н. Ельцина |
| | $c | 20131030 |
| | $g | RCR |
| | $2 | rusmarc |
| 852 | ## | $a | ГА РФ |
| | $j | 293 |
| 937 | ## | $d | 39845116 |
| | $h | ПБ |
| 035 | ## | $a | RuPRLIB51006735 |